000 00565nam a22002057a 4500
999 _c6282
_d6282
003 OSt
005 20210315124707.0
008 190830b ||||| |||| 00| 0 eng d
020 _a9780632041930
040 _cDDC
082 _a636 PAY 1999
100 _aPayne, William J.; Wilson, Trevor R.
_912897
245 _aAn introduction to Animal Husbandry in the Tropics
250 _a5th ed.
260 _aNew Jersey;
_bJohn Wiley,
_c1999
300 _aix,815p;
_bill:
_c26cm
650 _aAnimal husbandry
_912898
650 _aAgriculture
_94591
942 _2z
_cB_BANK